ARK Survival Evolved: All Creatures - Statistics

General Stats
  • This quiz has been taken 4,692 times
    3,016 since last reset
  • The average score is 60 of 204
Answer Stats
Map Creature % Correct
The Island Rex
93%
The Island Raptor
80%
The Island Dodo
75%
The Island Triceratops
70%
Scorched Earth Wyvern
69%
The Island Argentavis
65%
The Island Brontosaurus
65%
The Island Megalodon
63%
The Island Carnotaurus
62%
The Island Pteranodon
62%
The Island Giganotosaurus
60%
The Island Parasaur
59%
The Island Spino
59%
The Island Stegosaurus
57%
The Island Ankylosaurus
56%
The Island Allosaurus
55%
The Island Sarco
55%
The Island Dilophosaur
54%
The Island Mosasaurus
53%
The Island Quetzal
52%
The Island Direwolf
51%
The Island Dragon
51%
The Island Sabertooth
48%
The Island Titanoboa
48%
The Island Araneo
47%
The Island Diplodocus
47%
Aberration Reaper
47%
Aberration Rock Drake
47%
The Island Broodmother Lysrix
46%
The Island Titanosaur
46%
The Island Dire Bear
45%
Scorched Earth Rock Elemental
45%
The Island Giant Bee
44%
The Island Compy
43%
The Island Kaprosuchus
43%
The Island Mammoth
43%
Extinction Forest Titan
42%
Ragnarok Griffin
42%
Extinction Ice Titan
42%
The Island Thylacoleo
42%
Extinction Desert Titan
41%
Extinction Snow Owl
40%
The Island Therizinosaur
39%
The Island Ichthyosaurus
38%
The Island Woolly Rhino
38%
Crystal Isles Crystal Wyvern
37%
Extinction King Titan
37%
Scorched Earth Mantis
37%
The Island Baryonyx
36%
The Island Doedicurus
36%
The Island Microraptor
36%
Genesis: Part 1 Bloodstalker
35%
Aberration Bulbdog
35%
Valguero Deinonychus
35%
The Island Megapithecus
35%
The Island Paraceratherium
35%
Aberration Rockwell
35%
The Island Tapejara
35%
The Island Troodon
35%
Aberration Basilisk
34%
The Island Carbonemys
34%
The Island Coelacanth
34%
Genesis: Part 1 Magmasaur
34%
Scorched Earth Manticore
34%
The Island Megalosaurus
34%
The Island Megatherium
34%
The Island Onyc
34%
The Island Plesiosaur
34%
The Island Sabertooth Salmon
34%
The Island Piranha
33%
The Island Yutyrannus
33%
The Island Alpha Raptor
32%
The Island Alpha T-Rex
32%
The Island Gigantopithecus
32%
Aberration Karkinos
32%
The Island Trilobite
32%
The Island Achatina
31%
Scorched Earth Deathworm
31%
The Island Pachy
31%
The Island Meganeura
30%
The Island Pulmonoscorpius
30%
The Island Leech
29%
Genesis: Part 2 Maewing
29%
Extinction Managarmr
29%
The Island Megalania
29%
The Island Overseer
29%
Genesis: Part 2 Shadowmane
29%
The Island Alpha Carnotaurus
28%
The Island Basilosaurus
28%
The Island Equus
28%
The Island Iguanodon
28%
Scorched Earth Jerboa
28%
The Island Manta
28%
The Island Mesopithecus
28%
The Island Moschops
28%
Aberration Nameless
28%
Aberration Ravager
28%
The Island Angler
27%
The Island Carcharodontosaurus
27%
The Island Castoroides
27%
The Island Daeodon
27%
The Island Dimorphodon
27%
Extinction Enforcer
27%
Extinction Gacha
27%
The Island Otter
27%
Aberration Shinehorn
27%
The Island Tusoteuthis
27%
Extinction Velonasaur
27%
The Island Beelzebufo
26%
Fjordur Desmodus
26%
Genesis: Part 1 Ferox
26%
The Island Terror Bird
26%
The Island Arthropleura
25%
Aberration Featherlight
25%
Scorched Earth Morellatops
25%
Scorched Earth Phoenix
25%
The Island Titanomyrma
25%
Fjordur Fjordhawk
24%
The Island Lystrosaurus
24%
The Island Ovis
24%
The Island Pelagornis
24%
The Island Unicorn
24%
The Island Alpha Mosasaurus
23%
The Island Ammonite
23%
The Island Cnidaria
23%
The Island Diplocaulus
23%
Aberration Glowtail
23%
The Island Kairuku
23%
The Island Megaloceros
23%
The Island Oviraptor
23%
The Island Pegomastax
23%
The Island Phiomia
23%
The Island Purlovia
23%
Lost Island Amargasaurus
22%
The Island Archaeopteryx
22%
The Island Electrophorus
22%
Fjordur Fenrir
22%
Genesis: Part 1 Megachelon
22%
Scorched Earth Thorny Dragon
22%
The Island Alpha Megalodon
21%
Fjordur Andrewsarchus
21%
Genesis: Part 2 Astrodelphis
21%
The Island Dimetrodon
21%
Lost Island Dinopithecus
21%
The Island Gallimimus
21%
Extinction Gasbags
21%
Aberration Roll Rat
21%
Genesis: Part 1 Astrocetus
20%
The Island Defense Unit
20%
The Island Dung Beetle
20%
The Island Eurypterid
20%
The Island Chalicotherium
19%
The Island Dunkleosteus
19%
Scorched Earth Jug Bug
19%
The Island Kentrosaurus
19%
Scorched Earth Lymantria
19%
The Island Procoptodon
19%
Lost Island Sinomacrops
19%
Extinction Mek
18%
Aberration Seeker
18%
Scorched Earth Vulture
18%
Genesis: Part 2 Tek Stryder
17%
Genesis: Part 2 Voidwyrm
17%
Scorched Earth Alpha Fire Wyvern
16%
The Island Hyaenodon
16%
The Island Ichthyornis
16%
The Island Leedsichthys
16%
The Island Liopleurodon
16%
Genesis: Part 2 Noglin
16%
The Island Pachyrhinosaurus
16%
Extinction Scout
16%
Crystal Isles Tropeognathus
16%
The Island Alpha Tusoteuthis
15%
The Island Rhyniognatha
15%
Crystal Isles Crystal Wyvern Queen
14%
Genesis: Part 2 Rockwell Prime
14%
Aberration Alpha Karkinos
13%
The Island Attack Drone
13%
Aberration Glowbug
13%
The Island Hesperornis
13%
Aberration Lamprey
13%
Genesis: Part 1 Moeder, Master of the Ocean
13%
Aberration Alpha Basilisk
12%
Scorched Earth Alpha Deathworm
12%
Aberration Alpha Surface Reaper King
12%
Fjordur Beyla
11%
Lost Island Dinopithecus King
11%
The Island Alpha Leedsichthys
10%
Fjordur Hati
10%
Ragnarok Iceworm Queen
10%
Genesis: Part 1 Insect Swarm
10%
Ragnarok Lava Elemental
10%
Fjordur Sköll
10%
Genesis: Part 1 Corrupted Master Controller
9%
Genesis: Part 2 Summoner
9%
Fjordur Steinbjörn
8%
Fjordur Fenrisúlfr
6%
Genesis: Part 1 Parakeet Fish School
6%
Genesis: Part 2 Exo-Mek
5%
Crystal Isles Alpha Blood Crystal Wyvern
4%
Fjordur Rubble Bear
4%
Genesis: Part 2 Carniflora
3%
Genesis: Part 1 Eel Minion
3%
Genesis: Part 2 Macrophage
3%
No matching quizzes found
Score Distribution
Percent of People with Each Score
Percentile by Number Answered
Your Score History
You have not taken this quiz since the last reset